Krause's Food, nutrition & diet theraphy / (Record no. 23791)
[ view plain ]
| 000 -LEADER | |
|---|---|
| fixed length control field | 00747nam a2200289 a 4500 |
| 005 - DATE AND TIME OF LATEST TRANSACTION | |
| control field | 20140310183459.0 |
| 008 - FIXED-LENGTH DATA ELEMENTS--GENERAL INFORMATION | |
| fixed length control field | 091208s19uu xx 00 eng d |
| 020 ## - INTERNATIONAL STANDARD BOOK NUMBER | |
| International Standard Book Number | 9812591001 |
| 050 ## - LIBRARY OF CONGRESS CALL NUMBER | |
| Classification number | RM 216 |
| Item number | .M214 2004 |
| 100 ## - MAIN ENTRY--PERSONAL NAME | |
| Personal name | Mahan, L. Kathleen |
| 245 ## - TITLE STATEMENT | |
| Title | Krause's Food, nutrition & diet theraphy / |
| Statement of responsibility, etc | L. Kathleen Mahan, Sylvia Escott-Stump. |
| 250 ## - EDITION STATEMENT | |
| Edition statement | 11th. ed. |
| 260 ## - PUBLICATION, DISTRIBUTION, ETC. (IMPRINT) | |
| Place of publication, distribution, etc | Singapore : |
| Name of publisher, distributor, etc | Elsevier, |
| Date of publication, distribution, etc | 2004. |
| 300 ## - PHYSICAL DESCRIPTION | |
| Extent | 1321 p. : |
| Other physical details | ill. ; |
| Dimensions | 25 cm. |
| 521 ## - TARGET AUDIENCE NOTE | |
| Target audience note | |
| 650 ## - SUBJECT ADDED ENTRY--TOPICAL TERM | |
| Topical term or geographic name as entry element | Nutrition. 2. Diet. |
| 700 ## - ADDED ENTRY--PERSONAL NAME | |
| Personal name | Escott-Stump, Sylvia |
| 942 ## - ADDED ENTRY ELEMENTS (KOHA) | |
| Koha item type | Books |
| Source of classification or shelving scheme | Library of Congress Classification |
| Call number prefix | Foreign |
| Withdrawn status | Lost status | Source of classification or shelving scheme | Damaged status | Home library | Current library | Shelving location | Date acquired | Source of acquisition | Total Checkouts | Full call number | Barcode | Date last seen | Copy number | Price effective from | Koha item type | Total Renewals | Date checked out |
|---|---|---|---|---|---|---|---|---|---|---|---|---|---|---|---|---|---|
| Library of Congress Classification | Archives | Archives | 12/08/2009 | Donation | RM 216 .M214 2004 | C10925 | 05/15/2018 | 1 | 10/18/2013 | Books | |||||||
| Library of Congress Classification | Archives | Archives | 12/18/2013 | Donation | RM 216 .M214 2004 | C5919 | 05/15/2018 | 2 | 12/18/2013 | Books | |||||||
| Library of Congress Classification | Archives | Archives | 12/18/2013 | Donation | RM 216 .M214 2004 | C6542 | 05/15/2018 | 3 | 12/18/2013 | Books | |||||||
| Library of Congress Classification | Archives | Archives | 12/18/2013 | Donation | RM 216 .M214 2004 | C6543 | 05/15/2018 | 4 | 12/18/2013 | Books | |||||||
| Library of Congress Classification | Archives | Archives | 12/18/2013 | Donation | RM 216 .M214 2004 | C5744 | 05/15/2018 | 5 | 12/18/2013 | Books | |||||||
| Library of Congress Classification | Archives | Archives | 12/18/2013 | Donation | 1 | RM 216 .M214 2004 | C7255 | 05/15/2018 | 6 | 12/18/2013 | Books | 3 | 03/02/2017 | ||||
| Library of Congress Classification | Archives | Archives | 12/18/2013 | Donation | RM 216 .M214 2004 | C7254 | 05/15/2018 | 7 | 12/18/2013 | Books | |||||||
| Library of Congress Classification | Archives | Archives | 12/18/2013 | Donation | 1 | RM 216 .M214 2004 | C9695 | 05/15/2018 | 8 | 12/18/2013 | Books | 8 | 03/02/2017 |